Sociedades latinoamericanas y políticas sociales /
Uloženo v:
| Hlavní autor: | |
|---|---|
| Médium: | Neznámo |
| Vydáno: |
Santiago:
LOM Ediciones
|
| Témata: | |
| Tagy: |
Přidat tag
Žádné tagy, Buďte první, kdo vytvoří štítek k tomuto záznamu!
|
MARC
| LEADER | 00000 a2200000 04500 | ||
|---|---|---|---|
| 001 | 35235 | ||
| 003 | cru IIS | ||
| 005 | 20230508090927.0 | ||
| 008 | 991231s d | ||
| 040 | |c CRAI/IIS | ||
| 090 | |a 0001 H268e | ||
| 100 | 1 | |a Hardy, Clarisa |9 11233 | |
| 245 | |a Sociedades latinoamericanas y políticas sociales / |c Clarisa Hardy | ||
| 260 | |a Santiago: |b LOM Ediciones | ||
| 300 | |a 247-268 p. | ||
| 650 | |a EQUIDAD SOCIAL | ||
| 650 | |a BIENESTAR SOCIAL | ||
| 650 | |a INTEGRACION SOCIAL | ||
| 650 | |a EXCLUSION SOCIAL | ||
| 650 | |a POLITICA SOCIAL | ||
| 650 | |a EMPLEO | ||
| 650 | |a POBREZA | ||
| 650 | |a DEMOCRACIA | ||
| 650 | |a ECONOMIA | ||
| 650 | |a SOCIEDAD | ||
| 650 | |a AMERICA LATINA | ||
| 942 | |2 ddc |c LI | ||
| 999 | |c 12597 |d 12597 | ||
| 773 | 0 | |0 3325 |9 8782 |a Amadeo, Eduardo |d Santiago: LOM Ediciones 2004 |o 03021 |t Equidad y protección social: desafíos de políticas sociales en América Latina / |w (cru CIDCAS/IIS)35231 |x [sin ISBN] |z [sin ISBN] | |
